000 00683nam a22001937a 4500
005 20100806103732.0
010 _aENG-98489
020 _a9789350011539
_c135.00
035 _aEN-82022
037 _bDBAD/PUB
082 _a001.424
100 _aVenugopal, K.
_99569
245 _aIntroduction to operation research /
_cby K. Venugopal
260 _aPerambalur
_bMercury Printers and Publishsers
_c2009
270 _bPerambalur
_e621212
300 _a152p.
_c20cm (pbk)
942 _2ddc
_cEN
_h001.424
_mVEN
999 _c39606
_d39606